Loading...
| Fine Arts - Other Fine Arts | 0 | 2 | 0 | 1 | 20 | 91 | 110.00 | 0 | 1 |
| Fine Arts - Visual Fine Arts | 0 | 2 | 0 | 2 | 20 | 137 | 144.50 | 0 | 0 |
| History - Other History | 1 | 0 | 0 | 0 | 15 | 34 | 34.00 | 1 | 1 |
| History - World History | 1 | 0 | 0 | 0 | 15 | 41 | 41.00 | 1 | 1 |
| Literature - American Literature | 1 | 0 | 0 | 0 | 15 | 35 | 35.00 | 0 | 1 |
| Social Science | 0 | 1 | 0 | 0 | 10 | 136 | 136.00 | 0 | 0 |
| Mythology | 0 | 1 | 0 | 0 | 10 | 85 | 85.00 | 0 | 1 |
| Science - Chemistry | 0 | 1 | 0 | 1 | 10 | 131 | 131.00 | 0 | 0 |
| Science - Other Science | 0 | 1 | 0 | 0 | 10 | 119 | 119.00 | 0 | 0 |
| Literature - British Literature | 0 | 1 | 1 | 0 | 5 | 111 | 111.00 | 0 | 1 |
| Science - Biology | 0 | 0 | 1 | 0 | -5 | 0.00 | 0 | 0 |